[Event "Sparkassen-Open A"]
[Site "Heusenstamm, Martinsee"]
[Date "2021.11.21"]
[Round "7.12"]
[White "Pietzsch, Manuel"]
[Black "Suvorov, Alexander"]
[Result "0-1"]
[WhiteElo "2137"]
[BlackElo "2391"]
[PlyCount "52"]
[EventDate "2021.??.??"]
[WhiteTeam "SG Leipzig"]
[BlackTeam "SG Porz"]

{[%evp 0,9,15,15,47,47,44,34,30,30,30,39]} 1. e4 {[%emt 0:00:40]} c5 2. Nf3 e6
3. d4 {[%emt 0:00:17]} cxd4 {[%emt 0:00:07]} 4. Nxd4 {[%emt 0:00:03]} Nc6 {
[%emt 0:00:09]} 5. Nc3 {[%emt 0:00:47]} Qc7 6. Be3 {[%emt 0:00:54]} a6 {
[%emt 0:00:37]} 7. Qf3 {[%emt 0:00:07]} Ne5 {[%emt 0:00:09]} 8. Qg3 {[%emt 0:
16:28]} h5 {[%emt 0:00:35]} 9. h4 {[%emt 0:06:02]} Nf6 {[%emt 0:00:39]} 10.
O-O-O {[%emt 0:20:13]} d6 {[%emt 0:00:59]} 11. Kb1 {[%emt 0:08:06]} Bd7 {
[%emt 0:02:04]} 12. f4 {[%emt 0:01:27]} Neg4 {[%emt 0:04:25]} 13. Bc1 {[%emt 0:
00:51]} b5 {[%emt 0:03:15]} 14. a3 {[%emt 0:01:37]} Rc8 {[%emt 0:05:59]} 15.
Qe1 {[%emt 0:09:42]} Be7 {[%emt 0:11:05]} 16. Rh3 {[%emt 0:01:14]} Qb8 {
[%emt 0:05:00]} 17. Rhd3 {[%emt 0:15:00]} O-O {[%emt 0:09:34]} 18. Nf3 {
[%emt 0:01:45]} Bc6 {[%emt 0:01:37]} 19. f5 {[%emt 0:02:11]} exf5 {[%emt 0:05:
30]} 20. exf5 {[%emt 0:00:17]} Rfe8 {[%emt 0:00:10]} 21. Nd4 {[%emt 0:02:58]}
Ba8 {[%emt 0:01:55]} 22. Bg5 {[%emt 0:04:48]} d5 {[%emt 0:09:58]} 23. Qd2 {
[%emt 0:00:23]} b4 {[%emt 0:00:28]} 24. axb4 {[%emt 0:00:25]} Bxb4 {[%emt 0:00:
25]} 25. Bf4 {[%emt 0:01:29]} Qb6 {[%emt 0:02:32]} 26. Bg3 {[%emt 0:04:52]}
Bxc3 {[%emt 0:01:51]} 0-1

[Event "Sparkassen-Open A"]
[Site "Heusenstamm, Martinsee"]
[Date "2021.11.21"]
[Round "7.13"]
[White "Steudel, Max"]
[Black "Schulze, Lara"]
[Result "1/2-1/2"]
[WhiteElo "2052"]
[BlackElo "2294"]
[PlyCount "81"]
[EventDate "2021.??.??"]
[WhiteTeam "SC Brett vorm Kopp"]
[BlackTeam "SV Werder Bremen"]

{[%evp 0,11,15,23,23,23,28,23,23,13,37,22,30,-7]} 1. d4 Nf6 2. Nf3 {[%emt 0:00:
07]} e6 3. Bf4 {[%emt 0:00:16]} d5 4. c3 {[%emt 0:00:07]} Bd6 {[%emt 0:00:48]}
5. e3 {[%emt 0:00:05]} O-O {[%emt 0:00:24]} 6. Nbd2 {[%emt 0:00:22]} c5 {
[%emt 0:00:58]} 7. Bd3 {[%emt 0:00:43]} Bxf4 {[%emt 0:03:07]} 8. exf4 {[%emt 0:
00:14]} Qc7 {[%emt 0:01:42]} 9. g3 {[%emt 0:02:19]} b6 10. Qe2 {[%emt 0:02:21]}
a5 {[%emt 0:00:15]} 11. O-O {[%emt 0:00:38]} Ba6 {[%emt 0:01:23]} 12. Rfe1 {
[%emt 0:02:22]} Bxd3 {[%emt 0:01:56]} 13. Qxd3 {[%emt 0:00:31]} Nc6 {[%emt 0:
02:38]} 14. a3 {[%emt 0:02:04]} Ne7 {[%emt 0:06:42]} 15. Ne5 {[%emt 0:05:08]}
Rac8 {[%emt 0:01:59]} 16. Rac1 {[%emt 0:08:12]} Nf5 {[%emt 0:03:26]} 17. Ndf3 {
[%emt 0:08:34]} Ne4 {[%emt 0:04:05]} 18. dxc5 {[%emt 0:09:20]} Nxc5 {[%emt 0:
12:04]} 19. Qe2 {[%emt 0:03:29]} Rfd8 {[%emt 0:06:14]} 20. Nd4 {[%emt 0:03:21]}
Nd6 {[%emt 0:02:27]} 21. Nb5 {[%emt 0:01:59]} Nxb5 {[%emt 0:02:39]} 22. Qxb5 {
[%emt 0:00:27]} Ne4 {[%emt 0:00:30]} 23. Kg2 {[%emt 0:10:26]} Qb7 {[%emt 0:06:
06]} 24. Kg1 {[%emt 0:01:37]} Rc5 {[%emt 0:04:46]} 25. Qd3 {[%emt 0:02:13]}
Rdc8 {[%emt 0:02:33]} 26. Rcd1 {[%emt 0:04:24]} Nd6 {[%emt 0:03:04]} 27. Qf3 {
[%emt 0:02:57]} b5 {[%emt 0:01:39]} 28. Rd4 {[%emt 0:05:03]} g6 {[%emt 0:02:52]
} 29. g4 {[%emt 0:03:00]} Nc4 {[%emt 0:03:32]} 30. f5 {[%emt 0:08:06]} exf5 {
[%emt 0:17:55]} 31. Nxc4 {[%emt 0:05:13]} Rxc4 {[%emt 0:01:57]} 32. gxf5 {
[%emt 0:00:42]} Rxd4 {[%emt 0:00:21]} 33. cxd4 {[%emt 0:00:43]} Qb6 {[%emt 0:
03:25]} 34. Qxd5 {[%emt 0:05:18]} Qf6 {[%emt 0:00:32]} 35. fxg6 {[%emt 0:01:24]
} hxg6 {[%emt 0:00:11]} 36. Qe5 {[%emt 0:03:06]} Qh4 {[%emt 0:00:51]} 37. Qxb5
{[%emt 0:00:50]} Qg4+ {[%emt 0:00:46]} 38. Kh1 {[%emt 0:00:12]} Qf3+ {[%emt 0:
00:29]} 39. Kg1 {[%emt 0:00:07]} Qg4+ {[%emt 0:00:24]} 40. Kf1 {[%emt 0:01:01]}
Qh3+ {[%emt 0:01:34]} 41. Kg1 {[%emt 0:05:00]} 1/2-1/2

[Event "Sparkassen-Open A"]
[Site "Heusenstamm, Martinsee"]
[Date "2021.11.21"]
[Round "7.14"]
[White "Asadzade, Idris"]
[Black "Papadopoulos, Ioannis"]
[Result "1/2-1/2"]
[WhiteElo "2228"]
[BlackElo "2005"]
[PlyCount "81"]
[EventDate "2021.??.??"]
[WhiteTeam "SG Solingen"]
[BlackTeam "SV Oberursel"]

{[%evp 0,13,15,-11,-11,-52,-38,-42,11,11,4,33,2,8,0,-10]} 1. c4 {[%emt 0:07:37]
} e5 {[%emt 0:00:21]} 2. g3 Nf6 {[%emt 0:00:05]} 3. Bg2 {[%emt 0:00:04]} c6 {
[%emt 0:00:05]} 4. d4 {[%emt 0:00:18]} exd4 {[%emt 0:00:04]} 5. Qxd4 {[%emt 0:
00:05]} Na6 {[%emt 0:00:04]} 6. Nc3 {[%emt 0:00:36]} Bc5 {[%emt 0:00:43]} 7.
Qd2 Nc7 {[%emt 0:01:32]} 8. Nf3 {[%emt 0:11:59]} d5 {[%emt 0:06:47]} 9. cxd5 {
[%emt 0:01:06]} Ncxd5 {[%emt 0:00:11]} 10. O-O {[%emt 0:00:44]} O-O {[%emt 0:
02:13]} 11. Nxd5 {[%emt 0:03:08]} cxd5 {[%emt 0:05:52]} 12. Qd3 {[%emt 0:06:51]
} h6 {[%emt 0:03:42]} 13. Be3 {[%emt 0:02:32]} Bxe3 {[%emt 0:02:16]} 14. Qxe3 {
[%emt 0:00:09]} Re8 {[%emt 0:00:17]} 15. Qd3 {[%emt 0:00:56]} Qb6 {[%emt 0:01:
54]} 16. Nd4 {[%emt 0:07:34]} Bg4 {[%emt 0:03:46]} 17. e3 {[%emt 0:03:25]} Rac8
{[%emt 0:07:56]} 18. Nb3 {[%emt 0:02:34]} Qe6 {[%emt 0:03:54]} 19. Rac1 {
[%emt 0:03:38]} b6 {[%emt 0:04:48]} 20. Nd4 {[%emt 0:02:12]} Qd7 {[%emt 0:02:
17]} 21. b4 {[%emt 0:02:51]} Bh3 {[%emt 0:07:56]} 22. Rfd1 {[%emt 0:09:22]} Ne4
{[%emt 0:05:42]} 23. Rxc8 {[%emt 0:01:25]} Qxc8 {[%emt 0:01:07]} 24. Ne2 {
[%emt 0:01:01]} Bxg2 {[%emt 0:03:45]} 25. Kxg2 {[%emt 0:01:22]} Qc4 {[%emt 0:
04:04]} 26. a3 {[%emt 0:05:15]} Rc8 {[%emt 0:05:36]} 27. Qxc4 {[%emt 0:06:02]}
dxc4 {[%emt 0:00:14]} 28. f3 {[%emt 0:00:05]} Nf6 {[%emt 0:00:36]} 29. Nc3 {
[%emt 0:01:19]} Kf8 {[%emt 0:02:05]} 30. Kf2 {[%emt 0:00:23]} Ke7 {[%emt 0:00:
41]} 31. e4 {[%emt 0:00:46]} a6 {[%emt 0:03:56]} 32. a4 {[%emt 0:03:14]} a5 {
[%emt 0:02:03]} 33. b5 {[%emt 0:00:33]} Ke6 {[%emt 0:01:06]} 34. Ke3 {[%emt 0:
01:12]} g6 {[%emt 0:02:50]} 35. Ne2 {[%emt 0:02:41]} Rc5 {[%emt 0:02:55]} 36.
Nd4+ {[%emt 0:02:52]} Ke7 {[%emt 0:02:00]} 37. Nc6+ {[%emt 0:00:22]} Ke6 {
[%emt 0:00:22]} 38. Kd4 {[%emt 0:03:42]} Ne8 {[%emt 0:00:39]} 39. Nxa5 {
[%emt 0:01:00]} Rc7 {[%emt 0:01:56]} 40. Rb1 {[%emt 0:01:38]} bxa5 {[%emt 0:00:
55]} 41. b6 1/2-1/2

[Event "Sparkassen-Open A"]
[Site "Heusenstamm, Martinsee"]
[Date "2021.11.21"]
[Round "7.16"]
[White "Kather, Yannick"]
[Black "Ohler, Julius"]
[Result "1-0"]
[WhiteElo "2147"]
[BlackElo "2006"]
[PlyCount "39"]
[EventDate "2021.??.??"]
[WhiteTeam "SW Lichtenrade"]
[BlackTeam "SC ML Kastellaun"]

{[%evp 0,10,23,23,70,67,67,41,36,37,37,38,28]} 1. e4 c6 {[%emt 0:00:08]} 2. d4
{[%emt 0:00:03]} d5 {[%emt 0:00:03]} 3. Nd2 {[%emt 0:00:42]} dxe4 4. Nxe4 {
[%emt 0:00:06]} Nf6 5. Nxf6+ {[%emt 0:00:08]} exf6 {[%emt 0:00:04]} 6. c3 {
[%emt 0:00:12]} Bd6 {[%emt 0:00:03]} 7. Bd3 {[%emt 0:00:12]} O-O {[%emt 0:00:
18]} 8. Qc2 {[%emt 0:00:09]} Re8+ {[%emt 0:00:17]} 9. Ne2 {[%emt 0:00:07]} h5 {
[%emt 0:00:03]} 10. O-O {[%emt 0:01:28]} Nd7 {[%emt 0:00:03]} 11. Bf4 {[%emt 0:
01:52]} Rxe2 {[%emt 0:00:54]} 12. Qxe2 Bxf4 13. Qe4 {[%emt 0:00:07]} Ne5 {
[%emt 0:12:56]} 14. dxe5 {[%emt 0:06:26]} fxe5 {[%emt 0:00:11]} 15. Qh7+ {
[%emt 0:05:58]} Kf8 {[%emt 0:00:19]} 16. Rad1 {[%emt 0:04:40]} Qc7 {[%emt 0:01:
11]} 17. Qxh5 {[%emt 0:02:16]} f6 {[%emt 0:01:49]} 18. Bc4 {[%emt 0:02:31]} Bh6
19. Rd8+ Qxd8 {[%emt 0:00:09]} 20. Qf7# {[%emt 0:00:32]} 1-0

[Event "Sparkassen-Open A"]
[Site "Heusenstamm, Martinsee"]
[Date "2021.11.21"]
[Round "7.17"]
[White "Wolf, Ulrich Martin"]
[Black "Burkhardt, Holger"]
[Result "1-0"]
[WhiteElo "2152"]
[BlackElo "1987"]
[PlyCount "101"]
[EventDate "2021.??.??"]
[WhiteTeam "SC Hansa Dortmund"]
[BlackTeam "SK Gießen"]

1. d4 d6 2. c4 e5 3. d5 Be7 4. Nc3 Bg5 5. e3 f5 6. Nf3 Bh6 7. e4 f4 8. Nxe5
dxe5 9. Qh5+ Kf8 10. Qxe5 Nd7 11. Qd4 Qf6 12. Qxf6+ Ngxf6 13. f3 c5 14. Ne2 g5
15. h4 Ne5 16. hxg5 Bxg5 17. Nxf4 Ke7 18. Nh5 Bxc1 19. Rxc1 Ng6 20. g3 Bd7 21.
Be2 Rae8 22. Nxf6 Kxf6 23. Rh6 Kg5 24. Rh2 h5 25. Kf2 h4 26. Rg1 hxg3+ 27.
Rxg3+ Kf6 28. Rxh8 Rxh8 29. Ke3 Rh2 30. Rg1 Bh3 31. a3 Nh4 32. Rd1 Ng2+ 33. Kf2
Nf4+ 34. Kg3 Rxe2 35. Kxf4 Rxb2 36. e5+ Kg6 37. Rh1 Rc2 38. Rxh3 Rxc4+ 39. Ke3
Rc3+ 40. Ke4 Rc4+ 41. Ke3 Rc3+ 42. Kd2 Rxa3 43. d6 c4 44. Rh4 Rd3+ 45. Kc2 Rd5
46. Re4 Kf7 47. f4 b5 48. f5 b4 49. e6+ Kf6 50. e7 b3+ 51. Kc3 1-0

[Event "Sparkassen-Open A"]
[Site "Heusenstamm, Martinsee"]
[Date "2021.11.21"]
[Round "7.18"]
[White "Podat, Vladimir"]
[Black "Ochs, Daniel Elias"]
[Result "1-0"]
[WhiteElo "2311"]
[BlackElo "1966"]
[PlyCount "159"]
[EventDate "2021.??.??"]
[WhiteTeam "SC Untergrombach"]
[BlackTeam "Wiesbadener SV"]

1. d4 d5 2. c4 e6 3. Nc3 Bb4 4. e3 Nf6 5. Nf3 O-O 6. Bd3 b6 7. cxd5 exd5 8. Ne5
Bb7 9. O-O Nbd7 10. f4 c5 11. Bd2 cxd4 12. exd4 a5 13. Qe2 Ne4 14. Be1 Bxc3 15.
bxc3 Rc8 16. Nxd7 Qxd7 17. Qb2 Qc7 18. f5 f6 19. Rc1 Rfe8 20. Bd2 Nxd2 21. Qxd2
Qd6 22. Rfe1 Bc6 23. Rxe8+ Rxe8 24. Re1 Rxe1+ 25. Qxe1 Bd7 26. g3 Kf8 27. Kf2
Qa3 28. Qd2 Qd6 29. Qb2 Ke7 30. Ke3 Kf8 31. Qb1 Qe7+ 32. Kd2 Qd6 33. Bb5 Bxb5
34. Qxb5 g6 35. fxg6 hxg6 36. a4 f5 37. Kc2 Kf7 38. Kb3 Ke7 39. Qe2+ Kf7 40.
Qa6 Qc7 41. Qb5 Qd6 42. Qe2 Qc7 43. Qb5 Qd6 44. c4 dxc4+ 45. Kxc4 Qc7+ 46. Kd3
Qd6 47. Ke3 Qa3+ 48. Kf2 Qa2+ 49. Kf3 Qa3+ 50. Ke2 Qa2+ 51. Kd3 Qa3+ 52. Kc4
Qa2+ 53. Qb3 Qe2+ 54. Kc3+ Ke7 55. Qxb6 Qd1 56. Qc7+ Ke8 57. Qc6+ Ke7 58. Kc4
Qe2+ 59. Kc5 Qc2+ 60. Kb6 Qxh2 61. Qc7+ Ke6 62. Qe5+ Kd7 63. d5 Qg1+ 64. Kb5
Qb1+ 65. Kxa5 Qb3 66. Qe6+ Kd8 67. Qd6+ Ke8 68. Qxg6+ Ke7 69. Qe6+ Kf8 70.
Qxf5+ Ke7 71. Qe5+ Kf7 72. d6 Qb8 73. Qd5+ Kf6 74. d7 Qc7+ 75. Ka6 Qd8 76. Qd6+
Kf7 77. Kb7 Kg7 78. a5 Qxa5 79. d8=Q Qb5+ 80. Q8b6 1-0

[Event "Sparkassen-Open A"]
[Site "Heusenstamm, Martinsee"]
[Date "2021.11.21"]
[Round "7.19"]
[White "Klundt, Klaus"]
[Black "Schmidbauer, Frank"]
[Result "1-0"]
[WhiteElo "2307"]
[BlackElo "2044"]
[PlyCount "103"]
[EventDate "2021.??.??"]
[WhiteTeam "SC Heusenstamm"]
[BlackTeam "SV Wollishofen Zuerich"]

1. e4 d6 2. d4 Nf6 3. Nc3 e5 4. Nf3 Nbd7 5. Bc4 Be7 6. O-O O-O 7. Re1 c6 8. a4
h6 9. h3 Re8 10. a5 Rb8 11. d5 b5 12. axb6 Nxb6 13. Bb3 cxd5 14. exd5 a6 15.
Be3 Qc7 16. Nd2 Nfd7 17. Na4 Nxa4 18. Rxa4 Nc5 19. Rc4 Bf5 20. Qf3 Bd7 21. Ne4
Qa5 22. Bd2 Qc7 23. Bc3 Bb5 24. Rxc5 dxc5 25. d6 Bxd6 26. Nxd6 Qxd6 27. Bxf7+
Kh8 28. Bxe8 Rxe8 29. Qg3 Kh7 30. Bxe5 Qg6 31. Qxg6+ Kxg6 32. Re3 Kf5 33. g4+
Kg6 34. f4 Kf7 35. Rc3 c4 36. Kf2 Rd8 37. Ke3 g6 38. f5 Rd1 39. Ke2 Rd5 40.
fxg6+ Kxg6 41. Bf4 h5 42. Kf2 h4 43. Ke3 Rd1 44. Be5 Rh1 45. Kd4 Rb1 46. Rf3
Rh1 47. Kc5 Rc1 48. c3 Rc2 49. Rf6+ Kh7 50. g5 Rg2 51. Rh6+ Kg8 52. g6 1-0

[Event "Sparkassen-Open A"]
[Site "Heusenstamm, Martinsee"]
[Date "2021.11.21"]
[Round "7.20"]
[White "Schröder, Jürgen"]
[Black "Baltic, Fatih"]
[Result "1/2-1/2"]
[WhiteElo "2054"]
[BlackElo "2303"]
[PlyCount "66"]
[EventDate "2021.??.??"]
[WhiteTeam "SC Matt im Park"]
[BlackTeam "SV Mülheim-Nord"]

1. e4 c5 2. Be2 d5 3. d3 Nc6 4. f4 g6 5. Nf3 Bg7 6. c3 e6 7. O-O Nge7 8. Na3
Rb8 9. e5 b5 10. d4 c4 11. b3 Bd7 12. Nc2 a5 13. Ne3 cxb3 14. axb3 Nf5 15. g4
Nxe3 16. Bxe3 f6 17. Rf2 O-O 18. Qf1 Qe7 19. h4 fxe5 20. dxe5 b4 21. c4 d4 22.
Bd2 Qc5 23. Bd3 Ne7 24. Qh3 a4 25. h5 axb3 26. hxg6 hxg6 27. Ng5 Rfd8 28. Bxg6
Nxg6 29. Qh7+ Kf8 30. Qxg6 Qe7 31. Nh7+ Kg8 32. Nf6+ Kf8 33. Nh7+ Kg8 1/2-1/2

[Event "Sparkassen-Open A"]
[Site "Heusenstamm, Martinsee"]
[Date "2021.11.21"]
[Round "7.21"]
[White "Laux, Dominik"]
[Black "Hesse, Uwe"]
[Result "1-0"]
[WhiteElo "2205"]
[BlackElo "2014"]
[PlyCount "47"]
[EventDate "2021.??.??"]
[WhiteTeam "SV Hofheim"]
[BlackTeam "VL Düsseldorf"]

1. e4 d6 2. Nc3 Nf6 3. f4 d5 4. e5 d4 5. Nb5 Nd5 6. Nxd4 Nxf4 7. Ndf3 c6 8. d4
Nd5 9. Bd3 g6 10. Ne2 Bf5 11. Bxf5 gxf5 12. e6 fxe6 13. c4 Nf6 14. Nf4 Na6 15.
Nxe6 Qd6 16. Qe2 Ne4 17. Nfg5 Nxg5 18. Bxg5 Nc7 19. Nxc7+ Qxc7 20. Qh5+ Kd8 21.
O-O-O Qa5 22. Kb1 Kd7 23. d5 Rc8 24. Qf7 1-0

[Event "Sparkassen-Open A"]
[Site "Heusenstamm, Martinsee"]
[Date "2021.11.21"]
[Round "7.22"]
[White "Blübaum, Johanna"]
[Black "Chandler, Patrick"]
[Result "1-0"]
[WhiteElo "2046"]
[BlackElo "2176"]
[PlyCount "101"]
[EventDate "2021.??.??"]
[WhiteTeam "SK Marburg"]
[BlackTeam "SV Oberursel"]

1. d4 Nf6 2. c4 e6 3. Nc3 Bb4 4. e3 c5 5. Bd3 Nc6 6. Nge2 d5 7. cxd5 Nxd5 8. a3
Nxc3 9. Nxc3 Ba5 10. dxc5 Bxc3+ 11. bxc3 O-O 12. Qc2 Qh4 13. O-O e5 14. Rb1 f5
15. f4 Qe7 16. Qb3+ Kh8 17. Qb5 Rb8 18. Kh1 Bd7 19. Qb3 Be6 20. Qb5 Bd5 21. c4
Be6 22. Bb2 Rbd8 23. Rbd1 a6 24. Qb3 Qxc5 25. Be2 Qe7 26. fxe5 Rc8 27. Qb6 h6
28. Rd6 Kh7 29. Rfd1 Rf7 30. c5 Re8 31. Bh5 g6 32. Bxg6+ Kxg6 33. Rxe6+ Qxe6
34. Rd6 Kh7 35. Rxe6 Rxe6 36. Qb3 Rfe7 37. Qc2 Nxe5 38. Qxf5+ Kg8 39. h3 Nd7
40. Bd4 Nf8 41. Qg4+ Rg6 42. Qc8 Kf7 43. Qf5+ Ke8 44. Be5 Ree6 45. Bf4 Nd7 46.
Qd5 b6 47. Qa8+ Kf7 48. Qb7 Re7 49. Qd5+ Rge6 50. c6 Nf6 51. Qf3 1-0

[Event "Sparkassen-Open A"]
[Site "Heusenstamm, Martinsee"]
[Date "2021.11.21"]
[Round "7.23"]
[White "Bakiev, Diyor"]
[Black "Müdder, Rafael"]
[Result "0-1"]
[WhiteElo "2107"]
[BlackElo "1999"]
[PlyCount "122"]
[EventDate "2021.??.??"]
[WhiteTeam "Wiesbadener SV"]
[BlackTeam "SG Solingen"]

1. e4 c5 2. c3 d5 3. exd5 Qxd5 4. d4 Nc6 5. Nf3 Nf6 6. Be2 cxd4 7. cxd4 Qd6 8.
O-O e6 9. Nc3 Be7 10. Be3 O-O 11. Qd2 Nd5 12. Bc4 Rd8 13. Nxd5 exd5 14. Bd3 Bg4
15. Rfe1 Bxf3 16. gxf3 Qf6 17. Qe2 Bd6 18. Rad1 Qh4 19. f4 Bxf4 20. Bxf4 Qxf4
21. Qe3 Qxe3 22. fxe3 g6 23. Rc1 Rac8 24. Bb5 Ne7 25. Kf2 f5 26. b4 Kf7 27. Bd3
Rxc1 28. Rxc1 Rc8 29. Rb1 Rc3 30. Ke2 Nc8 31. Kd2 Rc7 32. b5 b6 33. a4 Nd6 34.
Rb4 Kf6 35. h4 h6 36. Rb1 g5 37. hxg5+ hxg5 38. Rh1 Kg6 39. Rh8 Rc8 40. Rh1 g4
41. Rh4 Ne4+ 42. Bxe4 dxe4 43. Rh1 Rc4 44. Ra1 Kg5 45. a5 Rb4 46. Kc3 Rxb5 47.
axb6 axb6 48. Ra8 Ra5 49. Rg8+ Kh4 50. Kc4 Ra3 51. d5 Rxe3 52. Kd4 Rf3 53. d6
Rd3+ 54. Ke5 e3 55. Kxf5 Rd5+ 56. Kf4 Rd4+ 57. Kf5 e2 58. d7 e1=Q 59. Rxg4+
Rxg4 60. d8=Q+ Kh3 61. Qh8+ Rh4 0-1

[Event "Sparkassen-Open A"]
[Site "Heusenstamm, Martinsee"]
[Date "2021.11.21"]
[Round "7.24"]
[White "Iliev, Mustafa Batuhan"]
[Black "Stork, Christopher"]
[Result "1/2-1/2"]
[WhiteElo "2089"]
[BlackElo "1959"]
[PlyCount "49"]
[EventDate "2021.??.??"]
[WhiteTeam "SV Großauheim"]
[BlackTeam "SV Oberursel"]

1. e4 c5 2. Nf3 a6 3. d4 cxd4 4. Nxd4 Nf6 5. Nc3 e5 6. Nb3 Bb4 7. Bd3 d5 8.
exd5 Qxd5 9. O-O Bxc3 10. bxc3 O-O 11. Ba3 Re8 12. Qe2 Be6 13. Nc5 Nbd7 14.
Rfd1 Qc6 15. Nxe6 Qxe6 16. Bc4 Qc6 17. Rd6 Qc7 18. Rad1 e4 19. Bb3 Ne5 20. c4
Rac8 21. Bb2 e3 22. fxe3 Neg4 23. Bxf6 Nxf6 24. c5 Qxc5 25. R1d4 1/2-1/2

[Event "Sparkassen-Open A"]
[Site "Heusenstamm, Martinsee"]
[Date "2021.11.21"]
[Round "7.25"]
[White "Wachsmann, Dietmar"]
[Black "Haack, Kevin"]
[Result "0-1"]
[WhiteElo "1983"]
[BlackElo "2100"]
[PlyCount "58"]
[EventDate "2021.??.??"]
[WhiteTeam "SC Groß-Umstadt"]
[BlackTeam "SV Hofheim"]

1. e4 c6 2. d4 d5 3. exd5 cxd5 4. Bd3 Nc6 5. c3 Qc7 6. Ne2 Bg4 7. f3 Bh5 8. Bf4
Qd7 9. O-O Nf6 10. a4 e6 11. Nd2 Bg6 12. Bxg6 hxg6 13. b4 Bd6 14. Nb3 a5 15. b5
Bxf4 16. Nxf4 Ne7 17. Qd2 Nf5 18. Nc5 Qc8 19. b6 Nd7 20. g4 Nd6 21. Nxd7 Qxd7
22. Rae1 Nc4 23. Qc2 Qd6 24. Nd3 Qxb6 25. Nc5 Qc7 26. f4 b6 27. Nd3 Rh3 28. Qf2
Rxd3 29. f5 O-O-O 0-1

[Event "Sparkassen-Open A"]
[Site "Heusenstamm, Martinsee"]
[Date "2021.11.21"]
[Round "7.26"]
[White "Hagner, Bennet"]
[Black "Poschadel, Andreas Gregor"]
[Result "1-0"]
[WhiteElo "2096"]
[BlackElo "1906"]
[PlyCount "87"]
[EventDate "2021.??.??"]
[WhiteTeam "Frankfurter TV"]
[BlackTeam "Hamelner SV"]

1. e4 c6 2. d4 d5 3. e5 Bf5 4. Nf3 e6 5. Be2 Nd7 6. O-O h6 7. Nbd2 Ne7 8. Nb3
Qc7 9. a4 c5 10. Nxc5 Nxc5 11. dxc5 Nc6 12. Be3 a6 13. Rc1 Nxe5 14. Nxe5 Qxe5
15. c4 Be4 16. Bf3 Be7 17. cxd5 Qxd5 18. Qxd5 exd5 19. Bxe4 dxe4 20. Rc4 f5 21.
g4 O-O 22. b4 a5 23. gxf5 Rxf5 24. b5 Rc8 25. Rfc1 Bg5 26. c6 bxc6 27. Rxc6 Rb8
28. Rc8+ Rxc8 29. Rxc8+ Kh7 30. Bxg5 Rxg5+ 31. Kf1 Rf5 32. Ke2 Rf3 33. Ra8 Rb3
34. Rxa5 Kg6 35. Ra6+ Kf5 36. b6 Kf4 37. a5 Rb2+ 38. Kd1 Kf3 39. Ra7 Kxf2 40.
Rf7+ Kg2 41. b7 e3 42. a6 Rf2 43. b8=Q Rxf7 44. Ke2 1-0

[Event "Sparkassen-Open A"]
[Site "Heusenstamm, Martinsee"]
[Date "2021.11.21"]
[Round "7.27"]
[White "Ungurean, Florin-Ioan"]
[Black "Steinle, Carsten"]
[Result "1/2-1/2"]
[WhiteElo "1970"]
[BlackElo "2117"]
[PlyCount "51"]
[EventDate "2021.??.??"]
[WhiteTeam "Wiesbadener SV"]
[BlackTeam "SV Ahlen"]

1. d4 c6 2. Nf3 g6 3. Bf4 Qb6 4. Qc1 Nf6 5. h3 Bg7 6. e3 O-O 7. Be2 d6 8. O-O
Nbd7 9. Nbd2 Re8 10. Bh2 c5 11. c3 Qc7 12. a4 b6 13. a5 Bb7 14. Qb1 Rac8 15.
Rd1 Bc6 16. b4 cxb4 17. cxb4 bxa5 18. Rxa5 Rb8 19. Qa2 Rxb4 20. Bc4 e6 21. Rxa7
Rb7 22. Rxb7 Bxb7 23. Qa3 Bf8 24. Bd3 Ra8 25. Qb2 Rb8 26. Qa3 1/2-1/2

[Event "Sparkassen-Open A"]
[Site "Heusenstamm, Martinsee"]
[Date "2021.11.21"]
[Round "7.28"]
[White "Bahlo, Jens"]
[Black "Gebhardt, Ulrich"]
[Result "0-1"]
[WhiteElo "1908"]
[BlackElo "2093"]
[PlyCount "118"]
[EventDate "2021.??.??"]
[WhiteTeam "SK Gießen"]
[BlackTeam "SK Ettlingen"]

1. e4 e5 2. d4 exd4 3. Qxd4 Nc6 4. Qe3 Nf6 5. Bd2 Be7 6. Nc3 d5 7. exd5 Nxd5 8.
Qf3 Be6 9. Bb5 O-O 10. Bxc6 bxc6 11. Nge2 Rb8 12. b3 Qd7 13. h3 Bf6 14. O-O Bf5
15. Rad1 Bxc2 16. Rc1 Bg6 17. Nf4 Nb4 18. Nxg6 fxg6 19. Qe2 Qd3 20. Qe6+ Kh8
21. Rfd1 Rfe8 22. Qg4 Qf5 23. Qxf5 gxf5 24. Bf4 Bxc3 25. Rxc3 Nd5 26. Rc4 Re2
27. Bc1 Rxa2 28. Rxc6 Ra5 29. Bb2 Kg8 30. Be5 Rxb3 31. Bxc7 Rab5 32. Rd6 Nxc7
33. Rd8+ Kf7 34. R8d7+ Kf6 35. Rxc7 Rb1 36. Rxb1 Rxb1+ 37. Kh2 a5 38. Ra7 Rb5
39. g3 h6 40. Kg2 h5 41. h4 Rc5 42. Kf3 Rc3+ 43. Ke2 Ra3 44. Kf1 Ra2 45. Kg2 a4
46. Ra5 a3 47. Kf3 Ke6 48. Kg2 g6 49. Kf3 Kd6 50. Ra6+ Kc5 51. Rxg6 Rc2 52. Ke3
a2 53. Ra6 Kb4 54. Rb6+ Kc3 55. Ra6 Kb2 56. Rb6+ Kc1 57. Ra6 Kb1 58. Kd3 Rxf2
59. Rb6+ Rb2 0-1

[Event "Sparkassen-Open A"]
[Site "Heusenstamm, Martinsee"]
[Date "2021.11.21"]
[Round "7.29"]
[White "Schmidt, Markus"]
[Black "Klaska, Philipp Leon"]
[Result "1-0"]
[WhiteElo "2089"]
[BlackElo "1745"]
[PlyCount "39"]
[EventDate "2021.??.??"]
[WhiteTeam "SK Niederbrechen"]
[BlackTeam "Düsseldorfer SV"]

1. Nf3 d5 2. c4 e6 3. g3 Nf6 4. Bg2 Be7 5. d4 O-O 6. Nc3 Nbd7 7. O-O dxc4 8. a4
c5 9. Qc2 Qb6 10. a5 Qb3 11. Qb1 Rd8 12. Nd2 Qb4 13. Ra4 cxd4 14. Rxb4 Bxb4 15.
Na2 Bxa5 16. Nxc4 Bc7 17. Bg5 Rb8 18. Rc1 a6 19. Nd2 Be5 20. Nf3 1-0

[Event "Sparkassen-Open A"]
[Site "Heusenstamm, Martinsee"]
[Date "2021.11.21"]
[Round "7.30"]
[White "Schupp, Tobias"]
[Black "Stumpf, Daniel"]
[Result "1-0"]
[WhiteElo "2121"]
[BlackElo "1931"]
[PlyCount "77"]
[EventDate "2021.??.??"]
[WhiteTeam "SK Niederbrechen"]
[BlackTeam "SW Lichtenrade"]

1. c4 c5 2. Nc3 g6 3. g3 Bg7 4. Bg2 Nc6 5. a3 e6 6. b4 Nxb4 7. axb4 cxb4 8. d4
bxc3 9. e3 Ne7 10. Ne2 O-O 11. Nxc3 d5 12. cxd5 Nxd5 13. Nxd5 exd5 14. Qb3 Be6
15. Qxb7 Qb6 16. Bxd5 Bxd5 17. Qxd5 Rfd8 18. Qa5 Qe6 19. O-O h5 20. Qa2 Qf5 21.
f3 Rac8 22. Rf2 Rc3 23. Bd2 Rc2 24. Qa5 Rd5 25. Qxa7 Rb5 26. Qa8+ Kh7 27. Qe4
Qc8 28. Kg2 Bh6 29. Ra8 Qc4 30. Qe8 Bg7 31. Qg8+ Kh6 32. e4+ Rxd2 33. Rxd2 Rb1
34. Rf2 Bxd4 35. Rc8 Qe6 36. Qf8+ Kh7 37. Rc7 Rg1+ 38. Kxg1 Bxf2+ 39. Kg2 1-0

[Event "Sparkassen-Open A"]
[Site "Heusenstamm, Martinsee"]
[Date "2021.11.21"]
[Round "7.31"]
[White "Gramb, Marius"]
[Black "Kürschner, Matthias"]
[Result "0-1"]
[WhiteElo "2131"]
[BlackElo "1978"]
[PlyCount "138"]
[EventDate "2021.??.??"]
[WhiteTeam "Brühler SK"]
[BlackTeam "SK Langen"]

1. e4 c5 2. c3 e6 3. d4 d5 4. exd5 exd5 5. Nf3 Nf6 6. Be2 c4 7. b3 cxb3 8. axb3
Be7 9. O-O O-O 10. Na3 Bf5 11. c4 Nc6 12. Nb5 a6 13. Nc3 Nb4 14. Ne1 Ne4 15.
Nxe4 Bxe4 16. Be3 Bf6 17. Qd2 a5 18. Nd3 Nxd3 19. Bxd3 Bxd3 20. Qxd3 b6 21.
Rfd1 Qd7 22. Rac1 Rfd8 23. c5 Qc6 24. Rc2 Be7 25. Rdc1 bxc5 26. dxc5 Rab8 27.
Bd4 Rb5 28. Rc3 Rdb8 29. Qg3 Bf8 30. h4 Re8 31. Be5 Re6 32. h5 h6 33. Bd6 Rb4
34. Bxf8 Kxf8 35. Re3 Rxe3 36. Qxe3 a4 37. bxa4 Rxa4 38. Qb3 Ra8 39. Qb6 Rc8
40. Qxc6 Rxc6 41. Kf1 Ke7 42. Ke2 Kd7 43. Kd3 Ra6 44. Rc3 Kc6 45. f3 Ra4 46.
Rc2 Rh4 47. g4 f5 48. gxf5 Rxh5 49. f6 gxf6 50. Ke3 Rh4 51. Rc1 h5 52. f4 Rh3+
53. Kf2 h4 54. Re1 Kxc5 55. Re6 Kd4 56. f5 Kd3 57. Rxf6 Ke4 58. Rf8 Rf3+ 59.
Ke2 Rxf5 60. Rh8 Rf4 61. Re8+ Kd4 62. Rh8 Re4+ 63. Kd2 Rg4 64. Ke2 Kc3 65. Rd8
Re4+ 66. Kf3 Re5 67. Kf4 Rh5 68. Kg4 h3 69. Rc8+ Kd2 0-1